| 000 | 01211cam a2200217 4500 | ||
|---|---|---|---|
| 001 | ABS66117 | ||
| 008 | 021119n2002 000 0 eng u | ||
| 035 | _a(Sirsi) u120503 | ||
| 245 | _aSustainable construction | ||
| 260 | _c2002 | ||
| 490 |
_aBuilding Engineer _v77 November 2002, 14-15(2) |
||
| 520 | _aDiscusses the issue of sustainable construction in the context of an increasing world population and decreasing natural resources. Notes the publication of "Insulation for Sustainability - A guide" which encourages the use of efficient technology. This mentions building insulation which is a key element in energy efficiency and conservation. The crucial element about the material used here is that it needs to last a long time at a high level of performance. A European programme of building efficiency could arguably bring about reductions of between 430 and 452 mil/t of C02 per year according to a study published by EuroACE. | ||
| 590 | _aABS | ||
| 650 | _aSUSTAINABLE CONSTRUCTION | ||
| 650 | _aINSULATION | ||
| 650 | _aCARBON DIOXIDE EMISSIONS | ||
| 650 | _aENERGY CONSUMPTION | ||
| 650 | _aBUILDING EFFICIENCY | ||
| 690 | _aBUILDING AND CONSTRUCTION-ENERGY MANAGEMENT | ||
| 942 | _n0 | ||
| 999 |
_c71586 _d71586 |
||